|
|
|
|
| LEADER |
00000nab a2200000 a 4500 |
| 001 |
vtls000721873 |
| 003 |
SK-MaSNL |
| 005 |
20260303122105.0 |
| 008 |
180206c2000 xo 0 slo |
| 015 |
|
|
|a SNBRB2000/05-13231
|
| 035 |
|
|
|a CLN000074040
|
| 040 |
|
|
|a SNKBUCL
|b slo
|c SNKBUCL
|e AACR2
|
| 041 |
0 |
|
|a slo
|
| 044 |
|
|
|a xo
|c SK
|
| 080 |
|
|
|a 796.71.093.1
|2 UDC-MRF-SK2
|
| 245 |
0 |
0 |
|a Majster konečne vyhral!
|b Veľká cena Španielska monopostov F1 v Barcelone
|
| 300 |
|
|
|b Fotogr.
|
| 611 |
1 |
7 |
|a Veľká cena Španielska monopostov F1
|d 2000
|2 snkbucl
|9 1136359
|
| 650 |
0 |
7 |
|a automobilizmus
|2 snkbucl
|9 13242
|
| 655 |
|
7 |
|a články z novín a časopisov
|2 snkbucl
|9 267496
|
| 773 |
0 |
|
|t Šport
|g Roč. 54, č. 107 (11.5.2000), s. 19
|
| 850 |
|
|
|a Slovenská národná knižnica v Martine
|
| 852 |
|
|
|a SNK
|b KIS3GCP
|
| 958 |
|
|
|a RBX
|
| 999 |
|
|
|c 1919045
|d 1920975
|